01278nam a2200265 a 450000100060000000300080000600500170001400800410003103500190007204000350009108200260012610000320015224501920018426000850037630000480046150200910050950400320060065000350063265000390066770000430070670000440074994200130079399900170080695201890082385207BD-RjUL20250715115210.0250714s2024 bg a|||| m||| 00| 0 eng d a(BD-RjUL)85207 aBD-RjULbengcBD-RjULdBD-RjUL 223a658.15 bASC 2024 aAshasanuzzaman, Md. 91601210aCorporate governance, risk, management, and financial performance of commercial banks in Bangladesh /cMd. Ashasanuzzaman ;6Supervisor : Md. Humayun Kabir ; Co-supervisor Md. Akter Uddin aRajshahi :bInstitute of Bangladesh Studies (IBS), University of Rajshahi,c2024 axxii, 375 leaves :billustrations ;c29.cm. aThesis (Ph. D.) -- Institute of Bangladesh Studies (IBS), University of Rajshahi, 2024 aReferences : Leaves 323-339 a Corporations xFinance916040 aBank managementzBangladesh.92900 aKabir, Md. Humayun ;Supervisor 99853 aAkter Uddin, Md. ; Co-supervisor916016 2ddccTHE c85207d85207 102ddc40718THESESaRUCLbRUCLcDoc/Thed2025-07-15eController of Examination Office, University of Rajshahi, Rajshahi.l0oTHE 658.15 ASC 2024pD5166r2025-07-15 00:00:00tC-1yTHE